| 000 | 01233nam a2200301 i 4500 | ||
|---|---|---|---|
| 003 | EG-GICUC | ||
| 005 | 20260203145755.0 | ||
| 008 | 260203s1977 nz |fr|||| 001 0 fre d | ||
| 020 | _a287101254 | ||
| 040 |
_aEG-GiCUC _beng _cEG-GiCUC _dEG-GiCUC _eRda |
||
| 041 | 0 | _aeng | |
| 082 | 0 | 4 |
_221 _a341.9 _bFA . M |
| 092 | 0 | 4 | _221 |
| 099 | _aLaw1 12 341.9 FA . M 1977 | ||
| 110 | 2 | _a La Faculté De Droit Et Des Sciences Économiques Et Sociales De L'université De Fribourg Suisse | |
| 245 | 1 | 4 |
_aMélanges En L'honneur De Henri Deschenaux : _bProfesseur A L'université De Fribourg Publiés À L'occasion De Son Soixante-dixième Anniversaire / _cPar La Faculté De Droit Et Des Sciences Économiques Et Sociales De L'université De Fribourg Suisse. |
| 264 | 1 |
_aSuisse : _bÉditions Universitaires Fribourg Suisse, _c1977. |
|
| 300 |
_a623 page, _c 24 cm. |
||
| 336 |
_2rda contenu _a texte |
||
| 337 |
_2rda medias _aOrdinateur |
||
| 338 |
_2 transporteur rda _a Ressource en ligne |
||
| 504 | _aIncludes bibliographical references. | ||
| 546 | _aTexte en français | ||
| 650 | 1 | 4 | _aPrivate international law |
| 856 | 4 | 0 | _uhttps://fll.law.cu.edu.eg/fulltext/bks/B12-02190.pdf |
| 905 | _a48 | ||
| 942 |
_2ddc _cBK _e21 _n0 |
||
| 999 |
_c60633 _d60633 |
||